000 00650nam a2200205Ii 4500
003 JO-AjNU
008 230605s9999||||xx |||||||||||||| ||und||
040 _aJO-AjNU
_bara
_erda
_cJO-AjNU
041 _aara
050 1 4 _aPJ7615.A57 1977
100 3 _aتأليف الأنطاكي، محمد,
_eauthor
_939937
245 0 0 _aنصوص قديمة
250 _aط2
264 3 1 _aبيروت:مكتبة دار الشرق،1977
300 _a202ص
336 _atext
_btxt
_2rdacontent
337 _aunmediated
_bn
_2rdamedia
338 _avolume
_bnc
_2rdacarrier
650 4 _aالشعر العربي - مختارات - الأدب العربي
_939938
999 _aA16908
_c20476
_d20476